[Event "NK-E Algemeen 2010"]
[Site "?"]
[Date "2010.04.02"]
[Round "5.11"]
[White "Schuttevaer, Tim"]
[Black "Klein, Jorik"]
[Result "0-1"]
[WhiteElo "936"]
[BlackElo "1144"]
[PlyCount "54"]
[EventDate "2010.??.??"]

1. e4 e5 2. Nf3 Nc6 3. Bb5 d6 4. Bxc6+ bxc6 5. Nc3 Nf6 6. O-O Be7 7. d3 O-O 8.
Bg5 Bd7 9. Bxf6 Bxf6 10. Ne2 Bg5 11. Ng3 Bh4 12. Nf5 Be7 13. d4 exd4 14. Qxd4
Bf6 15. e5 dxe5 16. Qe4 Re8 17. h4 Rb8 18. Ng5 Bxg5 19. hxg5 Qxg5 20. Nh4 Rxb2
21. f4 Qxh4 22. Qf3 Rxc2 23. Qh3 Bxh3 24. gxh3 Qxh3 25. Rf2 Qg3+ 26. Kh1 Rxf2
27. Rg1 Qh4# 0-1

[Event "NK-E Algemeen 2010"]
[Site "?"]
[Date "2010.04.02"]
[Round "5.14"]
[White "Hoornstra, Ischa"]
[Black "Rekveld, Bram"]
[Result "1-0"]
[WhiteElo "887"]
[BlackElo "1091"]
[PlyCount "51"]
[EventDate "2010.??.??"]

1. e4 e5 2. Nf3 Nc6 3. Bc4 Nf6 4. O-O Bc5 5. b4 Bxb4 6. c3 Bc5 7. d4 exd4 8.
Qb3 O-O 9. Qc2 d6 10. Ng5 h6 11. Nf3 Bg4 12. Qd2 Bxf3 13. gxf3 Qd7 14. Kh1 dxc3
15. Nxc3 Qh3 16. Rg1 Nd4 17. Rg3 Qh4 18. Qxh6 Qxh6 19. Bxh6 Nh5 20. Rg5 Nc2 21.
Rag1 Bxf2 22. R1g2 Be3 23. Rxh5 Ne1 24. Rxg7+ Kh8 25. Rg3 Rg8 26. Bxe3# 1-0

[Event "NK-E Algemeen 2010"]
[Site "?"]
[Date "2010.04.02"]
[Round "5.15"]
[White "Sealy, Alec"]
[Black "Steunenberg, Renso"]
[Result "0-1"]
[WhiteElo "621"]
[BlackElo "822"]
[PlyCount "58"]
[EventDate "2010.??.??"]

1. e4 e5 2. Nf3 Nc6 3. d4 exd4 4. Nxd4 Bc5 5. Be3 Nf6 6. Nxc6 bxc6 7. Bxc5 Nxe4
8. Qe2 d5 9. f3 Ba6 10. Qxa6 Nxc5 11. Qe2+ Ne6 12. f4 O-O 13. Nc3 Re8 14. Qg4
Nxf4+ 15. Be2 Ng6 16. O-O-O d4 17. Nb1 Qc8 18. Qxd4 Rxe2 19. Qg4 Qxg4 20. g3
Qg5+ 21. Rd2 Rxd2 22. Nxd2 Rd8 23. Rd1 Qf5 24. h4 Rxd2 25. Rxd2 h6 26. Rd8+ Nf8
27. Rd1 g5 28. h5 Qa5 29. Kb1 c5 0-1

[Event "NK-E Algemeen 2010"]
[Site "?"]
[Date "2010.04.02"]
[Round "5.16"]
[White "Scheerhoorn, Joep"]
[Black "Koster, Tobias"]
[Result "1-0"]
[WhiteElo "850"]
[BlackElo "796"]
[PlyCount "45"]
[EventDate "2010.??.??"]

1. e4 c5 2. Nf3 Nc6 3. d4 cxd4 4. Nxd4 e5 5. Nxc6 bxc6 6. Bc4 Bc5 7. O-O Nf6 8.
Nc3 d6 9. a3 Qe7 10. h3 Nh5 11. Qxh5 d5 12. exd5 cxd5 13. Bxd5 Rb8 14. Re1 Be6
15. Bxe6 Qxe6 16. Rxe5 O-O 17. Rxe6 fxe6 18. Qxc5 Rbc8 19. Qxa7 g6 20. Bh6 Rf7
21. Qa6 Re8 22. Ne4 e5 23. Nd6 1-0

[Event "NK-E Algemeen 2010"]
[Site "?"]
[Date "2010.04.02"]
[Round "5.17"]
[White "Mensing, Andrew"]
[Black "Nies, Levi"]
[Result "1/2-1/2"]
[WhiteElo "724"]
[BlackElo "1010"]
[PlyCount "91"]
[EventDate "2010.??.??"]

1. e4 e5 2. Nf3 Nc6 3. Bb5 Bc5 4. Bxc6 dxc6 5. Nc3 Nf6 6. O-O Bg4 7. d3 O-O 8.
Bg5 h6 9. Bxf6 Qxf6 10. h3 Bxf3 11. Qxf3 Qxf3 12. gxf3 Bd4 13. Ne2 Bxb2 14.
Rab1 Ba3 15. Rxb7 Bd6 16. d4 Rfb8 17. Rxb8+ Rxb8 18. dxe5 Bxe5 19. c4 Rb4 20.
f4 Bb2 21. Rb1 Ba3 22. Rxb4 Bxb4 23. Nd4 c5 24. Nc6 a6 25. Kf1 Bd2 26. Ne7+ Kf8
27. Nd5 c6 28. Ne3 Ke7 29. Ke2 Bb4 30. e5 Kd7 31. Nf5 g6 32. Nxh6 f6 33. exf6
Ba5 34. Ke3 Bd8 35. f7 Be7 36. Ke4 Ke6 37. Ng8 Bf8 38. f5+ gxf5+ 39. Kf4 Kxf7
40. Kxf5 Kxg8 41. Kg6 Bd6 42. h4 Bh2 43. h5 Bg1 44. f4 a5 45. f5 Be3 46. h6
1/2-1/2

[Event "NK-E Algemeen 2010"]
[Site "?"]
[Date "2010.04.02"]
[Round "5.18"]
[White "Hoekstra, Jan"]
[Black "Dael, Rens van"]
[Result "0-1"]
[WhiteElo "655"]
[BlackElo "588"]
[PlyCount "88"]
[EventDate "2010.??.??"]

1. e4 e5 2. Nf3 Nc6 3. Bb5 d6 4. Bxc6+ bxc6 5. Nc3 d5 6. Nxe5 dxe4 7. Nxe4 Qe7
8. Qh5 g6 9. Qg5 Bh6 10. Qxe7+ Nxe7 11. O-O Ba6 12. d3 Bg7 13. Nf3 f5 14. Nc5
Bb5 15. Bg5 Bxb2 16. Rab1 Ba3 17. Bxe7 Kxe7 18. Rfe1+ Kd6 19. Ne6 Rhe8 20. Nfd4
Ba6 21. Rf1 Bc5 22. Ng7 Re7 23. Ndxf5+ gxf5 24. Nxf5+ Ke6 25. Nxe7 Kxe7 26.
Rbe1+ Kd6 27. Re2 Bb4 28. h3 Kd5 29. Re4 Bd6 30. Rfe1 Kc5 31. g4 Kb5 32. g5 c5
33. g6 hxg6 34. Rg4 Rg8 35. Re6 Bc8 36. Rexg6 Rh8 37. R4g5 Rxh3 38. c4+ Kb4 39.
Rg8 Be6 40. Rb8+ Ka3 41. Rg6 Bf5 42. Rgg8 c6 43. Rgf8 Bxb8 44. Rxb8 Bxd3 0-1

[Event "NK-E Algemeen 2010"]
[Site "?"]
[Date "2010.04.02"]
[Round "5.19"]
[White "Nimwegen, Martijn van"]
[Black "Kuiken, Jelle van"]
[Result "1/2-1/2"]
[WhiteElo "829"]
[BlackElo "745"]
[PlyCount "32"]
[EventDate "2010.??.??"]

1. e4 e5 2. Nf3 Nc6 3. Bc4 Nf6 4. Nc3 Bb4 5. d3 Bxc3+ 6. bxc3 O-O 7. O-O d5 8.
Bb5 dxe4 9. dxe4 Qxd1 10. Rxd1 Nxe4 11. Ba3 Nxc3 12. Rf1 Nxb5 13. Bxf8 Kxf8 14.
c4 Nbd4 15. Nxd4 exd4 16. Rfe1 Bf5 1/2-1/2

[Event "NK-E Algemeen 2010"]
[Site "?"]
[Date "2010.04.02"]
[Round "5.20"]
[White "Hermes, Tom"]
[Black "Elgersma, Simon"]
[Result "1-0"]
[WhiteElo "987"]
[BlackElo "726"]
[PlyCount "61"]
[EventDate "2010.??.??"]

1. e4 e5 2. Nf3 Nc6 3. Bc4 h6 4. Nc3 Nf6 5. O-O Bb4 6. Nd5 O-O 7. c3 Ba5 8. b4
Bb6 9. Re1 Ng4 10. d4 exd4 11. cxd4 d6 12. b5 Ne7 13. Nxe7+ Qxe7 14. h3 Nf6 15.
e5 dxe5 16. Rxe5 Qb4 17. Qd3 Be6 18. Bxe6 fxe6 19. Ba3 Qa5 20. Bxf8 Kxf8 21.
Rxe6 Nd5 22. Qf5+ Nf6 23. Ne5 Rd8 24. Ng6+ Kf7 25. Re7+ Kg8 26. Qe6+ Kh7 27.
Qf7 Rg8 28. Nf8+ Kh8 29. Qg6 Bxd4 30. Qh7+ Nxh7 31. Ng6# 1-0

[Event "NK-E Algemeen 2010"]
[Site "?"]
[Date "2010.04.02"]
[Round "5.22"]
[White "Reddy, Quinten"]
[Black "Leeuwen, Louis van"]
[Result "1-0"]
[WhiteElo "546"]
[BlackElo "653"]
[PlyCount "81"]
[EventDate "2010.??.??"]

1. e4 e5 2. Nf3 Nc6 3. Bb5 Bc5 4. d3 Nf6 5. h3 O-O 6. O-O Nd4 7. Nxd4 Bxd4 8.
c3 Bc5 9. b4 Bb6 10. Na3 d6 11. Bg5 c6 12. Ba4 h6 13. Bh4 g5 14. Bg3 h5 15. h4
g4 16. Qd2 d5 17. Qg5+ Kh8 18. Qh6+ Kg8 19. Bxe5 d4 20. Bxf6 Qxf6 21. Qxf6 dxc3
22. Qxc3 f5 23. exf5 Rxf5 24. Qc4+ Rf7 25. Bb3 Be6 26. Qxe6 Raf8 27. Qg6+ Kh8
28. Qxh5+ Rh7 29. Qe5+ Rg7 30. h5 Bc7 31. Qd4 Rd8 32. Qc3 Kh7 33. Bc2 Kh6 34.
Qf6+ Kh7 35. d4+ Kh8 36. Qh6+ Kg8 37. Bb3+ Kf8 38. Qh8+ Ke7 39. Qxg7+ Kd6 40.
Qxg4 b6 41. Qe6# 1-0

[Event "NK-E Algemeen 2010"]
[Site "?"]
[Date "2010.04.03"]
[Round "6.1"]
[White "Kazarian, Anna Maja"]
[Black "Kevlishvili, Robby"]
[Result "0-1"]
[WhiteElo "1540"]
[BlackElo "1559"]
[PlyCount "117"]
[EventDate "2010.??.??"]

1. e4 c5 2. Nf3 Nc6 3. d4 cxd4 4. Nxd4 Nf6 5. Nc3 e6 6. a3 Be7 7. Be2 d6 8. Be3
O-O 9. f4 Bd7 10. Qd2 a6 11. O-O Rc8 12. Rad1 Qc7 13. h3 Rfd8 14. Qe1 e5 15.
Nf3 b5 16. fxe5 Nxe5 17. Nxe5 dxe5 18. Qf2 Bxa3 19. Nd5 Nxd5 20. Qxf7+ Kh8 21.
Rxd5 Bxb2 22. Bg4 Ba3 23. Rxd7 Rxd7 24. Qxd7 Qxd7 25. Bxd7 Rxc2 26. Rd1 Be7 27.
Be6 b4 28. Rd7 Bf6 29. Rf7 h6 30. Rf8+ Kh7 31. Bf5+ g6 32. Rf7+ Bg7 33. Be6 b3
34. Bxb3 Rc3 35. Bxh6 Kxh6 36. Bd5 a5 37. Ra7 Ra3 38. Kf2 Bf8 39. Ke1 Rg3 40.
Kf1 Bb4 41. Kf2 Rd3 42. Ra6 Rd2+ 43. Kf3 Rd3+ 44. Ke2 Ra3 45. Bf7 Kg7 46. Bxg6
Ra2+ 47. Kf1 a4 48. Be8 a3 49. Bb5 Rb2 50. Bc4 Kf8 51. Bd5 Ke7 52. Re6+ Kd7 53.
Rxe5 Kd6 54. Re6+ Kc5 55. Rc6+ Kd4 56. g4 a2 57. Bxa2 Rxa2 58. g5 Ra7 59. g6
0-1

[Event "NK-E Algemeen 2010"]
[Site "?"]
[Date "2010.04.03"]
[Round "6.2"]
[White "Dijkhuis, Sven"]
[Black "Bhattacharjee, Sourav"]
[Result "1/2-1/2"]
[WhiteElo "1426"]
[BlackElo "1562"]
[PlyCount "121"]
[EventDate "2010.??.??"]

1. e4 e5 2. Nf3 Nc6 3. d4 exd4 4. Nxd4 Bc5 5. Be3 Bb6 6. Bc4 Nge7 7. O-O O-O 8.
Nc3 d6 9. Qd2 Ne5 10. Bb3 Bd7 11. Nde2 N7c6 12. Bg5 Ne7 13. Nd5 N5c6 14. Ba4 f6
15. Nxe7+ Qxe7 16. Bb3+ Be6 17. Be3 Bxb3 18. axb3 Qxe4 19. Bxb6 axb6 20. Nc3
Qd4 21. Qxd4 Nxd4 22. Rac1 Rfe8 23. h3 Ne2+ 24. Nxe2 Rxe2 25. Rfe1 Re5 26. f4
Ree8 27. Kf2 Kf7 28. Rxe8 Kxe8 29. Ke3 Ra2 30. Rb1 Ke7 31. Kd3 Ra5 32. Re1+ Kf7
33. g4 Rd5+ 34. Kc3 Ra5 35. b4 Ra8 36. Kd3 Rd8 37. Ra1 Rb8 38. c4 Ke6 39. Re1+
Kf7 40. Ra1 Kg6 41. Re1 Kf7 42. Ra1 Re8 43. Ra7 Rb8 44. Ra1 c6 45. Re1 Ra8 46.
Kc3 c5 47. Rd1 Rd8 48. Ra1 Kg6 49. Ra7 Rd7 50. bxc5 bxc5 51. Ra1 d5 52. cxd5
Rxd5 53. Re1 Rd6 54. Kc4 Rd4+ 55. Kxc5 Rxf4 56. Re7 b6+ 57. Kb5 Rf3 58. b4 Rxh3
59. Kxb6 h5 60. gxh5+ Rxh5 61. b5 1/2-1/2

[Event "NK-E Algemeen 2010"]
[Site "?"]
[Date "2010.04.03"]
[Round "6.3"]
[White "Harten, Lucas van"]
[Black "Slomczewski, Michal"]
[Result "0-1"]
[WhiteElo "1068"]
[BlackElo "1404"]
[PlyCount "114"]
[EventDate "2010.??.??"]

1. e4 d5 2. exd5 Qxd5 3. Nc3 Qa5 4. d4 c6 5. Nf3 Nf6 6. Be2 Bf5 7. a3 e6 8. b4
Qd8 9. O-O Be7 10. h3 O-O 11. Bd3 Bg6 12. Bxg6 fxg6 13. Ne5 Nbd7 14. Bf4 Ne4
15. Nxe4 Rxf4 16. Ng3 Nxe5 17. dxe5 Qd5 18. Qxd5 cxd5 19. Rae1 Raf8 20. Ne2 Rc4
21. Rc1 Re4 22. Rce1 Rxe5 23. Nd4 Bd6 24. Rxe5 Bxe5 25. Nxe6 Re8 26. Nc5 b6 27.
Nd3 Bc3 28. f4 Re2 29. Rf2 Bd4 30. Kf1 Rxf2+ 31. Nxf2 Bxf2 32. Kxf2 Kf7 33. Ke3
Ke6 34. g4 h5 35. Kd4 a6 36. c4 dxc4 37. Kxc4 h4 38. a4 g5 39. f5+ Ke5 40. a5
bxa5 41. bxa5 Kf4 42. Kd3 Kg3 43. Ke2 Kxh3 44. Kf3 Kh2 45. Kf2 h3 46. Kf1 Kg3
47. Kg1 Kxg4 48. Kh2 Kh4 49. Kh1 g4 50. Kh2 g3+ 51. Kg1 h2+ 52. Kg2 Kg4 53. f6
gxf6 54. Kh1 Kf4 55. Kg2 Ke5 56. Kh1 Kd5 57. Kg2 Kc5 0-1

[Event "NK-E Algemeen 2010"]
[Site "?"]
[Date "2010.04.03"]
[Round "6.4"]
[White "Bosma, Jan"]
[Black "Korenwinder, Tom"]
[Result "0-1"]
[WhiteElo "1051"]
[BlackElo "1025"]
[PlyCount "132"]
[EventDate "2010.??.??"]

1. e4 c5 2. Nf3 d6 3. Be2 Nf6 4. Nc3 g6 5. O-O Bg7 6. b3 O-O 7. d3 Nc6 8. Be3
Ng4 9. h3 Nxe3 10. fxe3 Bxc3 11. Rb1 Bg7 12. d4 cxd4 13. exd4 Bd7 14. c4 Rc8
15. Qd2 Qb6 16. Rbd1 Qb4 17. Qxb4 Nxb4 18. Rd2 a6 19. c5 dxc5 20. dxc5 Bb5 21.
Bxb5 axb5 22. a3 Nc6 23. Rd7 Rb8 24. Re1 Rfd8 25. Rc7 Kf8 26. Rf1 Ke8 27. g4
Rdc8 28. Rxc8+ Rxc8 29. Ng5 h6 30. Rxf7 Bf6 31. Rh7 Bxg5 32. Rh8+ Kd7 33. Rh7
Ne5 34. h4 Nf3+ 35. Kg2 Nxh4+ 36. Kg3 Rxc5 37. a4 bxa4 38. bxa4 Rc3+ 39. Kf2
Ra3 40. Rf7 Rxa4 41. e5 Ke6 42. Rf8 b5 43. Rb8 Ra2+ 44. Ke1 Rb2 45. Kd1 Kxe5
46. Rb7 Kf4 47. Rb6 e5 48. Re6 e4 49. Re8 e3 50. Rf8+ Kxg4 51. Re8 e2+ 52. Rxe2
Rxe2 53. Kxe2 Nf5 54. Ke1 h5 55. Ke2 h4 56. Kf1 h3 57. Kg1 b4 58. Kh1 b3 59.
Kg1 b2 60. Kh2 Bf4+ 61. Kg1 b1=Q+ 62. Kf2 Qc2+ 63. Kg1 h2+ 64. Kh1 Qc1+ 65. Kg2
h1=Q+ 66. Kf2 Qcf1# 0-1

[Event "NK-E Algemeen 2010"]
[Site "?"]
[Date "2010.04.03"]
[Round "6.6"]
[White "Hoornstra, Ischa"]
[Black "Beukema, Jasper"]
[Result "1-0"]
[WhiteElo "887"]
[BlackElo "1315"]
[PlyCount "125"]
[EventDate "2010.??.??"]

1. e4 c5 2. Nf3 Nc6 3. Nc3 g6 4. Bc4 Bg7 5. d3 Nf6 6. Bd2 O-O 7. O-O d6 8. Qe2
Bg4 9. Rfe1 Nd4 10. Qd1 Nxf3+ 11. gxf3 Bh5 12. Kh1 Qd7 13. Rg1 Qh3 14. Rg3 Qh4
15. Bg5 Bxf3+ 16. Qxf3 Qh5 17. Qxh5 Nxh5 18. Rg2 Rfe8 19. Bd5 h6 20. Be3 Kf8
21. e5 e6 22. Bf3 Rac8 23. exd6 Nf6 24. Bxb7 Rb8 25. Bxc5 Kg8 26. Bc6 Red8 27.
b3 Rbc8 28. b4 Rxc6 29. Rb1 a5 30. a3 Ne8 31. Ne4 Be5 32. c4 Bxd6 33. Bxd6 Nxd6
34. Nxd6 Rdxd6 35. Rg3 Ra6 36. b5 Ra8 37. c5 Rdd8 38. d4 Rab8 39. Rc3 Kf8 40.
c6 Rdc8 41. c7 Rb6 42. Rc6 Rb7 43. b6 Ke7 44. Rb5 Kd7 45. Rcc5 Kd6 46. Kg2 a4
47. Kf3 Kd7 48. Ke3 h5 49. Kd3 Kd6 50. Kc4 Kd7 51. Kb4 Kd6 52. Kxa4 Kd7 53. Kb4
Rcxc7 54. Rxc7+ Rxc7 55. bxc7 Kxc7 56. a4 f5 57. a5 h4 58. a6 g5 59. a7 Kd7 60.
a8=Q Ke7 61. Rb7+ Kf6 62. Qh8+ Kg6 63. Qg7+ 1-0

[Event "NK-E Algemeen 2010"]
[Site "?"]
[Date "2010.04.03"]
[Round "6.7"]
[White "Kuiper, Adrian"]
[Black "Seyed Mehdi, Dominick"]
[Result "1-0"]
[WhiteElo "1203"]
[BlackElo "1032"]
[PlyCount "111"]
[EventDate "2010.??.??"]

1. e4 e5 2. Nf3 Nc6 3. Bb5 Bc5 4. Bxc6 dxc6 5. Nxe5 Nf6 6. Nc3 O-O 7. O-O Be6
8. Nd3 Bd4 9. Nf4 Bxc3 10. Nxe6 fxe6 11. dxc3 Nxe4 12. Be3 Qxd1 13. Raxd1 b6
14. Rfe1 Rf7 15. Bd4 c5 16. Rxe4 cxd4 17. cxd4 Rf6 18. h3 Rd8 19. Rde1 Kf7 20.
c3 Rd5 21. Re5 Rd6 22. f3 c6 23. R1e4 Rd5 24. Rxd5 cxd5 25. Re5 Ke7 26. Kf2 Rf8
27. g4 Rc8 28. f4 Kf7 29. f5 exf5 30. Rxf5+ Ke6 31. Re5+ Kf6 32. Rxd5 Ke6 33.
Re5+ Kd6 34. Rf5 g6 35. Rf7 Rh8 36. Rxa7 h5 37. Rg7 Rh6 38. g5 Rh8 39. Rxg6+
Kc7 40. Rh6 Rf8+ 41. Ke3 Re8+ 42. Kd2 Rf8 43. Rxh5 Rf2+ 44. Kc1 Kd7 45. h4 Ke7
46. g6 Kf6 47. Rg5 Rh2 48. g7 Rf2 49. g8=Q Ke7 50. h5 Rf1+ 51. Kc2 Rf2+ 52. Kb3
Kd6 53. h6 Kc6 54. h7 Kb7 55. h8=Q Ka6 56. Qa8# 1-0

[Event "NK-E Algemeen 2010"]
[Site "?"]
[Date "2010.04.03"]
[Round "6.8"]
[White "Baselmans, Luuk"]
[Black "Roon, Sjoerd van"]
[Result "1-0"]
[WhiteElo "1329"]
[BlackElo "1180"]
[PlyCount "75"]
[EventDate "2010.??.??"]

1. e4 e5 2. Nf3 Nf6 3. Nc3 Nc6 4. d4 d6 5. dxe5 dxe5 6. Qxd8+ Nxd8 7. Nxe5 Bb4
8. Bd2 O-O 9. O-O-O a5 10. Bb5 c6 11. Ba4 b5 12. Nxb5 cxb5 13. Bxb5 Bd6 14. Nc4
Nxe4 15. Rhf1 Nxd2 16. Rxd2 Bf4 17. Ne3 Bxh2 18. g3 Rb8 19. Bc4 Be6 20. Bxe6
fxe6 21. Rh1 Bxg3 22. fxg3 Rf3 23. Nf1 Nc6 24. Rd6 Rbf8 25. Nd2 Rxg3 26. Rxc6
h5 27. Rxe6 h4 28. b3 g5 29. Ne4 h3 30. Nxg3 Kg7 31. Rxh3 g4 32. Rhh6 Rf3 33.
Reg6+ Kf7 34. Rxg4 Re3 35. Rf4+ Kg7 36. Nf5+ Kg8 37. Nxe3 Kg7 38. Rff6 1-0

[Event "NK-E Algemeen 2010"]
[Site "?"]
[Date "2010.04.03"]
[Round "6.9"]
[White "Steunenberg, Renso"]
[Black "Knijff, Gerhard van der"]
[Result "0-1"]
[WhiteElo "822"]
[BlackElo "1170"]
[PlyCount "50"]
[EventDate "2010.??.??"]

1. e4 e5 2. Nf3 Nc6 3. d4 exd4 4. c3 Nf6 5. e5 Nd5 6. Bc4 Nb6 7. Bb3 d5 8. h3
Bf5 9. cxd4 Qe7 10. Bg5 f6 11. Bf4 O-O-O 12. O-O g5 13. exf6 Qxf6 14. Bxg5 Qg6
15. Bxd8 Kxd8 16. Nh4 Qg5 17. Nxf5 Qxf5 18. Nc3 Rg8 19. Qd2 Qxh3 20. g3 Bd6 21.
Bxd5 Nxd5 22. Nxd5 Bxg3 23. fxg3 Qxg3+ 24. Kh1 Qh4+ 25. Qh2 Qe4+ 0-1

[Event "NK-E Algemeen 2010"]
[Site "?"]
[Date "2010.04.03"]
[Round "6.10"]
[White "Klein, Jorik"]
[Black "Nguyen, Sang"]
[Result "1-0"]
[WhiteElo "1144"]
[BlackElo "1255"]
[PlyCount "143"]
[EventDate "2010.??.??"]

1. e4 e5 2. Nf3 Nc6 3. Bc4 Nf6 4. Nc3 d6 5. O-O Bg4 6. Be2 Nd4 7. Nxd4 exd4 8.
Bxg4 dxc3 9. dxc3 Nxe4 10. Re1 d5 11. f3 Bc5+ 12. Be3 Bxe3+ 13. Rxe3 O-O 14.
fxe4 Qe7 15. Qxd5 c6 16. Qd1 Qc5 17. Qd2 Qg5 18. Bf3 c5 19. Qe2 Rad8 20. Qf2
Rd7 21. Rae1 Rfd8 22. Qg3 Qxg3 23. hxg3 Rd2 24. Rc1 b5 25. Be2 c4 26. b3 cxb3
27. axb3 a6 28. Rd3 R2xd3 29. Bxd3 g6 30. Ra1 Ra8 31. c4 bxc4 32. Bxc4 a5 33.
b4 a4 34. Bb3 a3 35. b5 Ra5 36. b6 Rb5 37. Rxa3 Rxb6 38. c4 Kf8 39. Kf2 Ke7 40.
Ke3 Kd6 41. Kd4 Rc6 42. c5+ Rxc5 43. Bxf7 Rc2 44. Bg8 Rxg2 45. Bxh7 Rd2+ 46.
Rd3 Re2 47. Bxg6 Ke6 48. Re3 Rd2+ 49. Rd3 Re2 50. Bf5+ Kf6 51. g4 Rf2 52. Kd5
Rc2 53. Ra3 Rd2+ 54. Kc5 Rc2+ 55. Kd4 Rc6 56. e5+ Ke7 57. Ra7+ Kd8 58. e6 Ke8
59. Bg6+ Kf8 60. e7+ Kg7 61. e8=Q+ Kh6 62. Qxc6 Kg5 63. Ra5+ Kxg4 64. Qc4 Kf4
65. Kd3+ Kf3 66. Ra3 Kg3 67. Kd2+ Kf2 68. Qc2 Kg1 69. Kd1 Kf1 70. Qe2+ Kg1 71.
Ra1 Kh1 72. Kd2# 1-0

[Event "NK-E Algemeen 2010"]
[Site "?"]
[Date "2010.04.03"]
[Round "6.11"]
[White "Martens, Vincent"]
[Black "Scheerhoorn, Joep"]
[Result "1/2-1/2"]
[WhiteElo "1005"]
[BlackElo "850"]
[PlyCount "87"]
[EventDate "2010.??.??"]

1. e4 e5 2. Nf3 Nc6 3. d4 exd4 4. Nxd4 Nxd4 5. Qxd4 Nf6 6. e5 Ng8 7. Bc4 c6 8.
O-O b5 9. Be2 f6 10. exf6 Nxf6 11. Re1 Be7 12. Nc3 O-O 13. g3 Rb8 14. Qxa7 Rb7
15. Qd4 Rb8 16. Bf4 Ra8 17. a3 Ra6 18. Rad1 Qb6 19. Qxb6 Rxb6 20. a4 bxa4 21.
Bc4+ d5 22. Rxe7 dxc4 23. Nxa4 Rb4 24. Nc3 Rxb2 25. Rd2 Rb7 26. Rxb7 Bxb7 27.
Re2 c5 28. Re7 Bc6 29. Rc7 Bf3 30. Rxc5 Ra8 31. Rb5 Re8 32. Rb8 Rxb8 33. Bxb8
Nd7 34. Bd6 Kf7 35. Kf1 Ke6 36. Bf4 g6 37. Ne2 Ne5 38. Nd4+ Kd5 39. Nxf3 Nxf3
40. Ke2 Nd4+ 41. Kd2 Nf3+ 42. Kc3 Nxh2 43. Kd2 Nf3+ 44. Ke2 1/2-1/2

[Event "NK-E Algemeen 2010"]
[Site "?"]
[Date "2010.04.03"]
[Round "6.13"]
[White "Wolvers, Stephan"]
[Black "Hermes, Tom"]
[Result "0-1"]
[WhiteElo "1024"]
[BlackElo "987"]
[PlyCount "130"]
[EventDate "2010.??.??"]

1. e4 e5 2. d4 exd4 3. c3 dxc3 4. Nxc3 Bb4 5. Bb5 c6 6. Ba4 b5 7. Bb3 Nf6 8.
Bg5 O-O 9. Nf3 h6 10. Bh4 Bxc3+ 11. bxc3 d5 12. exd5 cxd5 13. Bxd5 Qxd5 14.
Bxf6 Qe6+ 15. Be5 f6 16. Qd4 Nc6 17. Qe3 fxe5 18. O-O Qg6 19. Rfe1 Re8 20. Nd2
b4 21. c4 Nd4 22. Qe4 Qxe4 23. Rxe4 Bb7 24. Rg4 Rad8 25. f3 Ne2+ 26. Kf1 Rxd2
27. Re1 Nc3 28. c5 e4 29. fxe4 Nxe4 30. Kg1 Rf8 31. h3 Rff2 32. Rf1 Rxf1+ 33.
Kxf1 Rxa2 34. Kg1 Nf6 35. Rxb4 Rxg2+ 36. Kf1 Bf3 37. Rf4 Bc6 38. Rd4 Rc2 39.
Rd8+ Kh7 40. Rc8 Bg2+ 41. Kg1 a5 42. h4 g5 43. hxg5 hxg5 44. Rc7+ Kh6 45. Rc8
a4 46. Rh8+ Kg7 47. Rh2 Kf7 48. Rxg2 Rxg2+ 49. Kxg2 a3 50. c6 Ke7 51. Kf2 a2
52. c7 Kd7 53. c8=Q+ Kxc8 54. Ke2 a1=Q 55. Kd2 Qd4+ 56. Kc2 Nd5 57. Kb3 g4 58.
Kc2 g3 59. Kb3 g2 60. Kc2 g1=Q 61. Kb3 Qgd1+ 62. Ka2 Nc3+ 63. Kb2 Q1d2+ 64. Kb3
Nd5 65. Ka3 Q2b2# 0-1

[Event "NK-E Algemeen 2010"]
[Site "?"]
[Date "2010.04.03"]
[Round "6.16"]
[White "Bril, Mateo"]
[Black "Rekveld, Bram"]
[Result "0-1"]
[WhiteElo "897"]
[BlackElo "1091"]
[PlyCount "26"]
[EventDate "2010.??.??"]

1. e4 e5 2. Nf3 Nc6 3. Bb5 Nf6 4. Bxc6 dxc6 5. Nc3 Bg4 6. d3 Bc5 7. h3 Bxf3 8.
Qxf3 Qd4 9. Be3 Qb4 10. Bxc5 Qxc5 11. Qg3 g6 12. Qg5 Nh5 13. d4 Qxd4 {
Hier rocheerde wit lang; dat is niet toegestaan ... Op de 54e zet won zwart.}
0-1

[Event "NK-E Algemeen 2010"]
[Site "?"]
[Date "2010.04.03"]
[Round "6.17"]
[White "Dael, Rens van"]
[Black "Schuttevaer, Tim"]
[Result "1-0"]
[WhiteElo "588"]
[BlackElo "936"]
[PlyCount "79"]
[EventDate "2010.??.??"]

1. e4 c5 2. Nf3 Nc6 3. c3 e5 4. d4 cxd4 5. cxd4 exd4 6. Nxd4 d6 7. Nxc6 bxc6 8.
Qe2 Nf6 9. e5 dxe5 10. Qxe5+ Qe7 11. Qxe7+ Bxe7 12. Bc4 O-O 13. O-O Nd5 14. Nd2
Re8 15. Ne4 Bf5 16. f3 Bc5+ 17. Nxc5 Nf4 18. Bxf4 a5 19. Nd7 Bxd7 20. g4 c5 21.
g5 Bh3 22. Rfd1 g6 23. Rd6 Re2 24. Bxe2 Re8 25. Bb5 Rb8 26. Rxg6+ hxg6 27. Bxb8
Kg7 28. Be5+ Kh7 29. Be8 Be6 30. Rd1 a4 31. Rd8 f6 32. gxf6 Kh6 33. Bxa4 c4 34.
Rh8+ Kg5 35. Re8 c3 36. Rxe6 cxb2 37. Bxb2 Kh4 38. f7 g5 39. f8=Q g4 40. Qh6#
1-0

[Event "NK-E Algemeen 2010"]
[Site "?"]
[Date "2010.04.03"]
[Round "6.18"]
[White "Koster, Tobias"]
[Black "Reddy, Quinten"]
[Result "1/2-1/2"]
[WhiteElo "796"]
[BlackElo "546"]
[PlyCount "29"]
[EventDate "2010.??.??"]

1. e4 e5 2. Nf3 d6 3. Nc3 g6 4. Bc4 Nf6 5. d3 Bg7 6. h3 O-O 7. Qe2 Nc6 8. Be3
a6 9. O-O-O Nb4 10. a3 Nc6 11. g4 b5 12. Bd5 Nxd5 13. exd5 Ne7 14. h4 Bb7 15.
h5 1/2-1/2

[Event "NK-E Algemeen 2010"]
[Site "?"]
[Date "2010.04.03"]
[Round "6.19"]
[White "Kuiken, Jelle van"]
[Black "Sealy, Alec"]
[Result "1-0"]
[WhiteElo "745"]
[BlackElo "621"]
[PlyCount "63"]
[EventDate "2010.??.??"]

1. e4 e5 2. Nf3 Nc6 3. Nc3 Nf6 4. Bb5 Bc5 5. O-O d6 6. Bxc6+ bxc6 7. d4 exd4 8.
Nxd4 Bxd4 9. Qxd4 Bd7 10. e5 Ng4 11. exd6 cxd6 12. Re1+ Kf8 13. h3 Nf6 14. b3
d5 15. Ba3+ Kg8 16. Be7 Qb6 17. Bc5 Qb7 18. Re7 Re8 19. Rxe8+ Bxe8 20. Bxa7 Qc7
21. Bb6 Qd7 22. a4 Kf8 23. Qe5 Qe7 24. Qd4 Kg8 25. Bc5 Qc7 26. b4 Nd7 27. Re1
Qd8 28. Bb6 Nxb6 29. Qxb6 Qc8 30. Qb7 Qd8 31. b5 cxb5 32. axb5 1-0

[Event "NK-E Algemeen 2010"]
[Site "?"]
[Date "2010.04.03"]
[Round "6.20"]
[White "Janssen, Aron"]
[Black "Nimwegen, Martijn van"]
[Result "0-1"]
[WhiteElo "991"]
[BlackElo "829"]
[PlyCount "100"]
[EventDate "2010.??.??"]

1. e4 e5 2. Nf3 Nc6 3. Bc4 Nf6 4. Nc3 Bc5 5. d3 O-O 6. Bg5 h6 7. Bh4 d6 8. Nd5
g5 9. Bg3 Nxd5 10. Bxd5 Bg4 11. h3 Bxf3 12. Qxf3 Nd4 13. Qd1 c6 14. c3 cxd5 15.
cxd4 Bxd4 16. Qb3 dxe4 17. dxe4 a5 18. Qxb7 a4 19. Rb1 Rb8 20. Qa6 Ra8 21. Qb5
a3 22. Qb3 axb2 23. O-O Qd7 24. h4 g4 25. h5 Rfb8 26. Qd5 Qe6 27. Rfd1 Qxd5 28.
exd5 Rxa2 29. Kf1 Rba8 30. f3 gxf3 31. gxf3 Ra1 32. Bf2 Rxb1 33. Rxb1 Ra1 34.
Bxd4 exd4 35. Re1 Rxe1+ 36. Kxe1 b1=Q+ 37. Ke2 d3+ 38. Ke3 Qf1 39. f4 Qxf4+ 40.
Kxf4 d2 41. Kf5 d1=Q 42. Kf6 Qd3 43. Ke7 Qxd5 44. Ke8 Qa2 45. Ke7 d5 46. Ke8 d4
47. Ke7 d3 48. Kd8 d2 49. Ke8 d1=R 50. Ke7 Qe6# 0-1

[Event "NK-E Algemeen 2010"]
[Site "?"]
[Date "2010.04.03"]
[Round "6.21"]
[White "Elgersma, Simon"]
[Black "Hoekstra, Jan"]
[Result "1-0"]
[WhiteElo "726"]
[BlackElo "655"]
[PlyCount "147"]
[EventDate "2010.??.??"]

1. e4 e5 2. Nf3 Nc6 3. Nc3 Bb4 4. Bc4 Bxc3 5. dxc3 Nf6 6. Ng5 O-O 7. O-O d6 8.
Nxf7 Rxf7 9. Bxf7+ Kxf7 10. h3 Nxe4 11. Qf3+ Nf6 12. g4 b6 13. Qxc6 Ba6 14. Re1
Qd7 15. Qxa8 c6 16. Bg5 Qc8 17. Qxa7+ Qb7 18. Qxb7+ Bxb7 19. Bxf6 gxf6 20. f3
Ke6 21. Kf2 c5 22. Ke3 c4 23. b4 d5 24. a4 f5 25. h4 fxg4 26. fxg4 e4 27. Rf1
Bc6 28. g5 Be8 29. Rf8 Ke7 30. Raf1 d4+ 31. cxd4 Bg6 32. d5 Kd6 33. Kd4 e3 34.
Kxe3 Bxc2 35. Rd8+ Ke7 36. Rc8 Bxa4 37. Rxc4 Bb5 38. Re4+ Kd7 39. Rf7+ Kd6 40.
Rxh7 Bd7 41. Kf4 b5 42. g6 Be8 43. g7 Bf7 44. Kf5 Kd7 45. Re5 Kd8 46. Re8+ Kxe8
47. Kf6 Bxd5 48. Rh8+ Kd7 49. g8=Q Bxg8 50. Rxg8 Kd6 51. h5 Kd7 52. h6 Kd6 53.
h7 Kd5 54. h8=R Kd4 55. Rh5 Kc3 56. Rg4 Kb3 57. Rh3+ Ka4 58. Rh8 Ka3 59. Ra8+
Kb3 60. Ra3+ Kb2 61. Rg2+ Kxa3 62. Rg4 Ka4 63. Ke5 Ka3 64. Kd5 Ka4 65. Kc5 Ka3
66. Kxb5 Kb3 67. Rg3+ Kb2 68. Kc4 Kc2 69. Rc3+ Kb2 70. Rb3+ Ka2 71. b5 Ka1 72.
Kc3 Ka2 73. Kc2 Ka1 74. Ra3# 1-0